000 01845nam0a2200337 4500
001 RU\NLR\bibl\1006466
005 20250614230241.0
010 _a5-89070-456-7
_9150
021 _aRU
_b2006-61172
_93046
035 _a(NLR Aleph) 000994123
090 _a537386
_c537386
100 _a20061113d2006 |||y0rusy50 ca
101 0 _arus
102 _aRU
105 _aa |||||||||
200 1 _aТеория горения, взрыва и газодинамических явлений
_eкурс лекций
_e[для студентов специальности 330500 "Безопасность технологических процессов и производств (в горной промышленности)"]
_fВ.Н. Пузырев
_gФедер. агентство по образованию, Гос. образоват. учреждение высш. проф. образования "Кузбас. гос. техн. ун-т"
210 _aКемерово
_cГУ КузГТУ
_d2006
215 _a105 с.
_cил.
_d21
300 _aНа обл. авт. не указан
320 _aБиблиогр.: с. 98-101 (36 назв.)
606 1 _aКаменноугольные шахты
_jУчебные издания для высших учебных заведений
_xГазовыделение
_91334161
_3RU\NLR\auth\66240426
606 1 _aКаменноугольные пласты, опасные по выбросам
_jУчебные издания для высших учебных заведений
_91265317
_3RU\NLR\auth\66520023
686 _aИ181.1,1я73-1
700 1 _aПузырев
_bВ. Н.
_gВладимир Николаевич
_4070
801 0 _aRU
_bNLR
_c20061113
_grcr
801 1 _aRU
_bNLR
_c20061113
830 _aАвт. по кн
942 _cBOOK
980 _aNB
980 _aNBR